<?xml version="1.0" encoding="UTF-8"?>
<record
    xmlns:xsi="http://www.w3.org/2001/XMLSchema-instance"
    xsi:schemaLocation="http://www.loc.gov/MARC21/slim http://www.loc.gov/standards/marcxml/schema/MARC21slim.xsd"
    xmlns="http://www.loc.gov/MARC21/slim">

  <leader>00770nam a22002177a 4500</leader>
  <controlfield tag="001">85377</controlfield>
  <controlfield tag="003">BD-RjUL</controlfield>
  <controlfield tag="005">20250730143553.0</controlfield>
  <controlfield tag="008">250730s1947    pk ||||| |||| 00| 0 urd d</controlfield>
  <datafield tag="035" ind1=" " ind2=" ">
    <subfield code="a">(BD-RjUL)85377</subfield>
  </datafield>
  <datafield tag="040" ind1=" " ind2=" ">
    <subfield code="a">BD-RjUL</subfield>
    <subfield code="b">eng</subfield>
    <subfield code="c">BD-RjUL</subfield>
  </datafield>
  <datafield tag="041" ind1=" " ind2=" ">
    <subfield code="a">urd</subfield>
  </datafield>
  <datafield tag="082" ind1=" " ind2=" ">
    <subfield code="2">23</subfield>
    <subfield code="a">891.43909</subfield>
    <subfield code="b">QAT 1947</subfield>
  </datafield>
  <datafield tag="100" ind1=" " ind2=" ">
    <subfield code="a">&#x642;&#x627;&#x62F;&#x631;&#x649;&#x60C; &#x62D;&#x627;&#x645;&#x62F; &#x62D;&#x633;&#x646;&#x60C;, , / Q&#x101;dir&#x12B;.,: &#x1E24;&#x101;mid &#x1E24;asan </subfield>
    <subfield code="9">16355</subfield>
  </datafield>
  <datafield tag="245" ind1="1" ind2="0">
    <subfield code="a">&#x62A;&#x627;&#x631;&#x649;&#x62E; &#x648;&#x62A;&#x646;&#x642;&#x6CC;&#x649;&#x62F; &#x627;&#x62F;&#x628;&#x6CC;&#x649;&#x627;&#x62A; &#x627;&#x631;&#x62F;&#x648; / T&#x101;r&#x12B;k&#x332;h&#x332; o tanq&#x12B;d-i adabiy&#x101;t-i urd&#x16B; /</subfield>
    <subfield code="c">&#x62D;&#x627;&#x645;&#x62F; &#x62D;&#x633;&#x6CC;&#x646; &#x642;&#x627;&#x62F;&#x631;&#x649;. / : &#x1E24;&#x101;mid &#x1E24;asan Q&#x101;dir&#x12B;., </subfield>
  </datafield>
  <datafield tag="250" ind1=" " ind2=" ">
    <subfield code="a">2nd.ed.</subfield>
  </datafield>
  <datafield tag="260" ind1=" " ind2=" ">
    <subfield code="a">Agra :</subfield>
    <subfield code="b">&#x645;&#x637;&#x628;&#x6C1; &#x634;&#x645;&#x633; &#x645;&#x634;&#x6CC;&#x646; &#x67E;&#x631;&#x6CC;&#x633; ,</subfield>
    <subfield code="c">1947</subfield>
  </datafield>
  <datafield tag="300" ind1=" " ind2=" ">
    <subfield code="a">209 p. ;</subfield>
    <subfield code="c">17 cm</subfield>
  </datafield>
  <datafield tag="650" ind1=" " ind2=" ">
    <subfield code="a">Urdu Literature </subfield>
    <subfield code="v">History &amp; Criticism</subfield>
  </datafield>
  <datafield tag="942" ind1=" " ind2=" ">
    <subfield code="2">ddc</subfield>
    <subfield code="c">BK</subfield>
  </datafield>
  <datafield tag="999" ind1=" " ind2=" ">
    <subfield code="c">85377</subfield>
    <subfield code="d">85377</subfield>
  </datafield>
  <datafield tag="952" ind1=" " ind2=" ">
    <subfield code="0">0</subfield>
    <subfield code="1">0</subfield>
    <subfield code="2">ddc</subfield>
    <subfield code="4">0</subfield>
    <subfield code="7">1</subfield>
    <subfield code="8">NFIC</subfield>
    <subfield code="a">RUCL</subfield>
    <subfield code="b">RUCL</subfield>
    <subfield code="c">Reading</subfield>
    <subfield code="d">1958-02-20</subfield>
    <subfield code="l">0</subfield>
    <subfield code="o">U 891.43909 QAT 1947</subfield>
    <subfield code="r">2025-07-30 00:00:00</subfield>
    <subfield code="t">C-1</subfield>
    <subfield code="w">2025-07-30</subfield>
    <subfield code="y">BK</subfield>
  </datafield>
</record>
